Разработка методологии высокочувствительного экспресс-контроля ионного содержания лития и фтора в природных и очищенных водах: автореферат диссертации на соискание ученой степени кандидата технических наук; спец. 05.11.13

Dettagli Bibliografici
Autore principale: Ковалева А. Ю. Анна Юрьевна
Ente Autore: Московский государственный институт электронной техники (Технический университет) (МИЭТ)
Altri autori: Каракеян В. И. Валерий Иванович (научный руководитель)
Riassunto:Защита сост. 23.06.2005 г.
Lingua:russo
Pubblicazione: Москва, [Б. и.], 2005
Soggetti:
Natura: MixedMaterials Libro
KOHA link:https://koha.lib.tpu.ru/cgi-bin/koha/opac-detail.pl?biblionumber=78918

MARC

LEADER 00000nam0a2200000 4500
001 78918
005 20231031094111.0
035 |a (RuTPU)RU\TPU\book\84751 
090 |a 78918 
100 |a 20050706d2005 k y0rusy50 ca 
101 0 |a rus 
102 |a RU 
105 |a a dm 001zy 
200 1 |a Разработка методологии высокочувствительного экспресс-контроля ионного содержания лития и фтора в природных и очищенных водах  |e автореферат диссертации на соискание ученой степени кандидата технических наук  |e спец. 05.11.13  |f А. Ю. Ковалева  |g Московский государственный институт электронной техники; науч. рук. В. И. Каракеян 
210 |a Москва  |c [Б. и.]  |d 2005 
215 |a 30 с.  |c ил. 
300 |a Защита сост. 23.06.2005 г. 
320 |a Библиогр.: с. 27-30 (20 назв.) 
610 1 |a гидроэкология 
610 1 |a воды природные 
610 1 |a очищенные воды 
610 1 |a экспресс-контроль 
610 1 |a литий 
610 1 |a фтор 
610 1 |a ионное содержание 
610 1 |a авторефераты диссертаций 
675 |a 556.535.8(04)  |v 3 
675 |a 628.16(04)  |v 3 
686 |a 05.11.13  |2 oksvnk 
700 1 |a Ковалева  |b А. Ю.  |g Анна Юрьевна 
702 1 |a Каракеян  |b В. И.  |g Валерий Иванович  |4 727 
712 0 2 |a Московский государственный институт электронной техники (Технический университет) (МИЭТ)  |2 stltpush  |3 (RuTPU)RU\TPU\col\2285 
801 1 |a RU  |b 63413507  |c 20050706  |g PSBO 
801 2 |a RU  |b 63413507  |c 20080109  |g PSBO 
942 |c BK